00418nam a22001457a 450000500170000000800410001702000150005804100120007308200120008510000120009724500520010926000560016130000300021765000250024720240816063959.0240816b |||||||| |||| 00| 0 eng d a0406016038 aEnglish a349 ENG lEnglish aThe All England Law Reports: Annual Review 1992 aLondon: bButterworth and Company (Pty) Ltd, c1992 bxxxv, 461 pages;c25 cm.  aLegal practice bLaw